00597nam a22001812 4500001001100000005001700011008004100028020001700069040001500086100004000101245009100141250001300232260003200245300001500277650005400292650006600346852000300412000001196120151217152104.0090122s xx 000 0 eng d a0826458130 : aKABUcKABU1 aBewley-Taylor, David R.@000016807114aThe United States and international drug control, 1909-1997 /cDavid R. Bewlet-Taylor. a1st ed. aLondon :bContinuum,c2001. ax, 242 p. 0aNarcotics, Control ofzUnited States.@0000168072 0aNarcotics, Control ofxInternational cooperation.@00001680731